Телеграммы о высылке денежных знаков республикам и областям

Доступно только в Электронных читальных залах Найти на картеНа карте
RUSMARC
00003535nac2a22002531x 450
00180c237af-45f3-4ae8-a71b-aec95e30743d
00520160726171516.0
100##$a20160527l19211922k y0rusy50 ca
1010#$arus
102##$aRU
105##$ay z |||||
1222#$ad19210903
$ad19220127
2001#$aТелеграммы о высылке денежных знаков республикам и областям
$j3 сентября 1921 - 27 января 1922
215##$a127 листов
251##$cДело
300##$aРукописный и машинописный текст
324##$aВ деле имеются копии отдельных документов
330##$aВходит в раздел описи: V. Бюро телеграмм. 12. Народный комиссариат финансов
461#0$1001ad6baeac-e292-4829-90d1-2f4f65796a62
$12001
$aСОВЕТ НАРОДНЫХ КОМИССАРОВ РСФСР (СНК РСФСР)
$1251
$cФонд
$1852
$j130
$gР
462#0$1001749580a7-5abb-40c4-a39c-e540631a040a
$12001
$a1921 г.
$vД. 749
$1251
$cОпись
$1852
$j5
60101$3RU\NLR\AUTH\661074810
$aРСФСР
$bСовет Народных Комиссаров
801#0$aRU
$bGA_RF
801#1$aRU
$bНПО Опыт
$c20160527
$2rusmarc
801#2$aRU
$bПБ им. Б.Н. Ельцина
$c20160726
$gRCR
$2rusmarc
852##$aГА РФ
$j749
937##$d79605436
$hПБ
035##$aRuPRLIB51039331
Формат отображения